000
00285nam a2200133Ia 4500
100
_a
Jones/Edward
942
_c
RB
654
_a
Fox pro 2
245
_a
Fox Pro 2 made easy
260
_b
Obsorne/ McGraw - Hill
_a
New Delhi
_c
1991
300
_a
579
546
_a
ENGLISH
999
_c
28197
_d
28197